Matemática 8: enseñanza básica

Enregistré dans:
Détails bibliographiques
Auteurs principaux: Sepúlveda Romero, Gladys (Auteur), Solabarrieta Alvarez, Pamela (Auteur), Vial Reynal, Verónica (Auteur)
Format: Livre
Langue:espagnol
Publié: Santiago Santillana del Pacífico 2001
Sujets:
Tags: Ajouter un tag
Pas de tags, Soyez le premier à ajouter un tag!

MARC

LEADER 00000nam a2200000 a 4500
001 UCL1855
003 CL-VaPUC
008 030926e20010000CL |||||||||||||||||spa|d
020 |a 9561506467 
082 0 4 |a 372.7  |b SEP  |2 21 
100 0 |a Sepúlveda Romero, Gladys  |e author  |9 478740 
700 0 |a Solabarrieta Alvarez, Pamela  |e author  |9 478741 
700 0 |a Vial Reynal, Verónica  |e author  |9 478742 
245 1 0 |a Matemática 8: enseñanza básica 
300 |a 335 p 
942 |c BK 
945 |d 20030926 00:00:00  |a cmena 
260 |a Santiago  |b Santillana del Pacífico  |c 2001 
650 0 |a Matemáticas  |x Enseñanza  |9 875527 
650 0 |a Educación básica   |9 224933 
650 0 |a Números enteros   |9 357374 
650 0 |a Geometría   |9 264063 
650 7 |a PROPORCIONES  |2 CL-VaPUC  |9 427524 
583 |a last modification  |c 20030926 00:00:00  |k Rodrigo Vera 
999 |c 305294  |d 305292 
952 |0 0  |1 0  |4 0  |6 372_700000000000000_SEP_2001  |7 0  |8 A  |9 368432  |a BIBMAT  |b BIBMAT  |c E_DIDACT  |d 2019-11-21  |i 3940284  |o 372.7 SEP 2001  |p 3940284  |r 2025-01-07  |w 2019-11-21  |y BK  |k MAT 
952 |0 0  |1 0  |4 0  |6 372_700000000000000_SEP_2001  |7 0  |8 A  |9 368433  |a BIBMAT  |b BIBMAT  |c E_DIDACT  |d 2019-11-21  |i 3961370  |o 372.7 SEP 2001  |p 3961370  |r 2025-01-07  |w 2019-11-21  |y BK  |k MAT